000 01300nam a2200349 i 4500
001 24371
003 KOSZ 005
005 20220322095903.0
008 970510s1994 pl a f f |000 0 pol
015 _aPB 1995/7439
040 _aWA N
_cWA N
_dKOSZ 005/HR
046 _k1994
080 _a621.51/.54
080 _a(075.8)
100 1 _aWołkow, Jerzy
_eAutor
245 1 0 _aTeoria i obliczenia układów pneumatycznych /
_cJerzy Wołkow, Ryszard Dindorf ; Politechnika Krakowska im. Tadeusza Kościuszki.
260 _aKraków :
_bPK,
_c1994.
300 _a147 s. :
_brys., wykr. ;
_c24 cm.
380 _aKsiążki
388 _a1901-2000
388 _a1945-198
504 _aBibliogr. s. 147.
521 _aSkrypt dla studentów wyższych szkół technicznych do przedmiotu Napęd i sterowanie hydrauliczne i pneumatyczne.
650 4 _aMaszyny i narzędzia pneumatyczne
650 4 _aPneumatyka
655 4 _aPodręczniki akademickie
658 _aInżynieria i technika
700 1 _aDindorf, Ryszard
_d(1951- )
_eAutor
710 2 _aPolitechnika Krakowska im. Tadeusza Kościuszki
_4pbl.
856 _uhttp://koha.tu.koszalin.pl/cgi-bin/koha/opac-detail.pl?biblionumber=24371
_yKatalog online BPK
942 _2UKD
_cKS
999 _c24371
_d24371